000 00265nam a22001217a 4500
008 170922b xxu||||| |||| 00| 0 eng d
041 _aeng
080 _a902
100 _a45
101 _aART
245 _aANALYTICAL ARCHEOLOGY
_cCLARKE.D.L
942 _2udc
_cBK
999 _c28920
_d28920